000 00630cam a22002174a 4500
001 ocn490163099
003 OSt
005 20150408114020.0
008 100312s2010 enka 001 0 eng d
020 _a0727736531
020 _a9780727736536
040 _aYDXCP
_cYDXCP
_dHUA
082 _221
_a332.6
092 _a332.6
_bA84
245 0 0 _aAsset management :
_bwhole-life management of physical assets /
_cedited by Chris Lloyd.
260 _aLondon :
_bThomas Telford,
_c2010.
300 _axxii, 242 p. :
_bill. ;
_c21 cm.
650 0 _aPortfolio management.
_912017
700 1 _aLloyd, Chris.
_912018
942 _2ddc
_cBOOK
999 _c21998
_d256498